Normal view
MARC view
- Technology & Engineering Microwaves
Entry Topical Term
001 - CONTROL NUMBER
- control field: 248
003 - CONTROL NUMBER IDENTIFIER
- control field: NUST
005 - DATE AND TIME OF LATEST TRANSACTION
- control field: 20170509171026.0
008 - FIXED-LENGTH DATA ELEMENTS
- fixed length control field: 170509|| aca||aabn | a|a d
040 ## - CATALOGING SOURCE
- Original cataloging agency: NUST
- Transcribing agency: NUST
150 ## - HEADING--TOPICAL TERM
- Topical term or geographic name entry element: Technology & Engineering Microwaves
670 ## - SOURCE DATA FOUND
- Source citation: Work cat.: (NUST)24065: Andrei Grebennicov 247, RF and Microwave Power Amplifier Design, c2005
